000
00305nam a2200121Ia 4500
008
190216s9999||||xx |||||||||||||| ||und||
100
_a
Zia-Ud-Din.M
245
0
_a
Practical Statistics With Fundamentals Of Theory
260
_b
Narosa Pubs House
_c
1964
300
_a
304p
650
_a
Commerce
942
_c
BK
999
_c
4211
_d
4211